[Event "AUTO-INT-2799"]
[Site "http://www.queenalice.com/game.php?id=1251840"]
[Date "2014.1.28"]
[Round "1"]
[White "Givanildo"]
[Black "lincolnalberto"]
[Result "0-1"]
[WhiteElo "1469"]
[BlackElo "1455"]

1. e4 d5 2. Qf3 Nf6 3. e5 Ne4 4. d3 Ng5 5. Bxg5 f6 6. exf6 gxf6 7. Bh4 Nc6 8.
Qh5+ Kd7 9. g3 Nb4 10. Bh3+ Kc6 11. Na3 Bxh3 12. Nxh3 Qc8 13. O-O Qxh3 14. Qf3
Rg8 15. Nc4 b6 16. Rfe1 Nxc2 17. Re6+ Qxe6 18. Rc1 Nd4 19. Ne3+ Kb7 20. Re1
Nxf3+ 21. Kf1 Qh3+ 22. Ng2 Qxh2 23. Nf4 Qh1+ 24. Ke2 Nxe1 25. Kd2 Bh6 26. Kc3
Bxf4 27. gxf4 Rg4 28. Bg3 Rxg3 29. fxg3 Rg8 30. g4 Rxg4 31. b4 Rxf4 32. b5 Qf1
33. d4 Qd3+ 34. Kb4 Rxd4# 0-1

[Event "AUTO-INT-2799"]
[Site "http://www.queenalice.com/game.php?id=1251841"]
[Date "2014.1.28"]
[Round "1"]
[White "lincolnalberto"]
[Black "Givanildo"]
[Result "1-0"]
[WhiteElo "1472"]
[BlackElo "1452"]

1. e4 g6 2. d4 Bg7 3. d5 d6 4. Bb5+ c6 5. dxc6 bxc6 6. Bc4 Bb7 7. Nc3 Ba6 8.
Bxa6 Nxa6 9. Nf3 h6 10. O-O e6 11. a3 Nf6 12. e5 Ng4 13. exd6 Qd7 14. Ne4 O-O
15. h3 Ne5 16. Bxh6 f6 17. Nxe5 fxe5 18. Bxg7 Kxg7 19. Qg4 Rae8 20. Rad1 Rf4 21.
Qe2 Nb8 22. Ng5 Rf5 23. h4 Qd8 24. g4 Rxg5 25. hxg5 Qxg5 26. d7 Rd8 27. Rd6 Nxd7
28. Rfd1 Qe7 29. Rxc6 Nb6 30. Qxe5+ Kh7 31. Rxd8 Qxd8 32. Qxe6 Qd1+ 33. Kg2 Nd5
34. Qxg6+ Kh8 35. Rc8# 1-0

[Event "AUTO-INT-2799"]
[Site "http://www.queenalice.com/game.php?id=1251856"]
[Date "2014.1.28"]
[Round "1"]
[White "lincolnalberto"]
[Black "biskydad"]
[Result "0-1"]
[WhiteElo "1547"]
[BlackElo "1785"]

1. e4 c5 2. d4 cxd4 3. Qxd4 Nc6 4. Qd3 a6 5. Nc3 e6 6. Nf3 Bb4 7. a3 Bxc3+ 8.
Qxc3 Nf6 9. Bg5 h6 10. Bc1 O-O 11. Bd3 Qc7 12. e5 Nd5 13. Qc4 d6 14. Qh4 dxe5
15. Bxh6 f5 16. Bd2 e4 17. Ng5 Nf6 18. Bc4 Nd4 19. Bb3 Nxb3 20. cxb3 g6 21. Qh6
Qg7 22. Qxg7+ Kxg7 23. Nxe6+ Bxe6 24. O-O Bxb3 25. Rac1 Ng4 26. Rc7+ Rf7 27.
Bc3+ Nf6 28. Rc5 Rd8 29. Ra5 Kh7 30. Re1 Rd1 31. Re5 Ng4 32. Re8 Rxe1+ 33. Bxe1
Rd7 34. h3 Nf6 35. Rb8 b5 36. Rb6 Nh5 37. Rxa6 Rd1 38. Ra7+ Kh6 39. f3 e3 40.
Rb7 Rxe1+ 41. Kh2 e2 42. Rxb5 Bc4 43. Re5 Rb1 44. b4 e1=Q 45. Rxe1 Rxe1 46. a4
Ra1 47. a5 Bb5 48. g4 Ra2+ 49. Kg1 Ng3 50. h4 Bf1 51. g5+ Kh5 52. b5 Rg2# 0-1

[Event "AUTO-INT-2799"]
[Site "http://www.queenalice.com/game.php?id=1251857"]
[Date "2014.1.28"]
[Round "1"]
[White "biskydad"]
[Black "lincolnalberto"]
[Result "1-0"]
[WhiteElo "1781"]
[BlackElo "1541"]

1. d4 d5 2. c4 dxc4 3. e4 Nc6 4. Be3 e5 5. d5 Nb4 6. Bxc4 c6 7. Nc3 Nf6 8. a3
Na6 9. Bxa6 cxd5 10. Bb5+ Bd7 11. Bxd7+ Qxd7 12. exd5 b6 13. Nge2 Rc8 14. h3 Bc5
15. O-O O-O 16. Bxc5 Rxc5 17. d6 Nh5 18. Ne4 Rc4 19. N4g3 Nf6 20. Rc1 Rh4 21.
Rc7 Qb5 22. b3 a5 23. Nc3 Qa6 24. Nf5 Qa8 25. Ne7+ Kh8 26. d7 Rd8 27. Rc8 Rd4
28. Rxa8 Rxa8 29. Qe2 Rxd7 30. Nf5 g6 31. Ng3 Ng8 32. Qxe5+ f6 33. Qe6 Rd3 34.
Nce4 Rf8 35. Qxb6 a4 36. bxa4 Rxa3 37. Qc5 Rxg3 38. fxg3 Rf7 39. Qc8 Kg7 40. Qd8
Rf8 41. Qd6 Rf7 42. a5 Rf8 43. a6 Rf7 44. g4 Rf8 45. Qxf8+ Kxf8 46. Nxf6 Nxf6
47. Rxf6+ Ke7 48. Rf3 Kd7 49. a7 Kc7 50. a8=Q Kb6 51. Rf7 Kc5 52. Qd8 Kc6 53.
Rc7+ Kb6 54. Qb8+ Ka6 55. Ra7# 1-0

[Event "AUTO-INT-2799"]
[Site "http://www.queenalice.com/game.php?id=1251858"]
[Date "2014.1.28"]
[Round "1"]
[White "lincolnalberto"]
[Black "dida"]
[Result "1-0"]
[WhiteElo "1535"]
[BlackElo "1534"]

1. e4 e5 2. d4 exd4 3. Qxd4 Qe7 4. Nc3 Nc6 5. Qd5 Nf6 6. Qd3 a6 7. Nf3 Nb4 8.
Qd2 h6 9. Qd4 Nxc2+ 10. Ke2 Nxd4+ 11. Nxd4 Nxe4 12. Be3 Nxc3+ 13. bxc3 d5 14. a3
c5 15. Nf3 Bf5 16. Rd1 d4 17. cxd4 cxd4 18. Nxd4 Qe4 19. f3 Qd5 20. g4 Qa2+ 21.
Rd2 Qc4+ 22. Kf2 Qc1 23. Nxf5 g6 24. Ng3 Bxa3 25. Ra2 Rd8 26. Bxc1 Bc5+ 27. Kg2
Rd1 28. Re2+ Be7 29. Bb2 O-O 30. Rxe7 Rd2+ 31. Re2 Rd1 32. Ne4 b5 33. Nf6+ Kg7
34. Nd7+ Kg8 35. Nxf8 Kxf8 36. Ba3+ Kg7 37. Re8 Ra1 38. Bb2+ 1-0

[Event "AUTO-INT-2799"]
[Site "http://www.queenalice.com/game.php?id=1251859"]
[Date "2014.1.28"]
[Round "1"]
[White "dida"]
[Black "lincolnalberto"]
[Result "0-1"]
[WhiteElo "1527"]
[BlackElo "1531"]

1. e4 d5 2. e5 Nc6 3. Qe2 d4 4. d3 Qd5 5. Bf4 Nb4 6. Nf3 Bg4 7. h3 Bxf3 8. Qxf3
Qxf3 9. gxf3 Nxc2+ 10. Kd2 Nxa1 11. e6 fxe6 12. Bxc7 Rc8 13. Be5 Rc2+ 14. Kd1
Rxb2 15. Bxd4 Rxb1+ 16. Ke2 Rb2+ 17. Ke3 Nc2+ 18. Ke4 Nf6+ 19. Kf4 Nxd4 20. a4
Nc6 21. Bg2 Rb4+ 22. Kg3 Rxa4 23. Rd1 Rd4 24. Bf1 g5 25. Be2 h5 26. Kh2 g4 27.
fxg4 hxg4 0-1

[Event "Challenge"]
[Site "http://www.queenalice.com/game.php?id=1252776"]
[Date "2014.1.31"]
[Round "-"]
[White "santanacampos"]
[Black "lincolnalberto"]
[Result "1-0"]
[WhiteElo "1692"]
[BlackElo "1487"]

1. e4 d5 2. e5 d4 3. Nf3 c5 4. Bc4 Nc6 5. Ng5 Nxe5 6. d3 h6 7. Ne4 Qa5+ 8. Bd2
Qd8 9. Nxc5 Qd6 10. Bb4 Bg4 11. f3 Bc8 12. c3 dxc3 13. Nxc3 b6 14. Bd5 bxc5 15.
Bxa8 cxb4 16. Nb5 Qb8 17. Qa4 Nxd3+ 18. Kf1 Nxb2 19. Nc7+ Kd8 20. Qe8+ Kxc7 21.
Rc1+ Kb6 22. Qc6+ Ka5 23. Rc5+ Qb5+ 24. Rxb5+ Ka4 25. Rb8+ Ka3 26. Rxc8 Kxa2 27.
Qa6+ Kb3 28. Bd5+ Nc4 29. Qxc4+ Ka4 30. Rb8 e6 31. Qa2# 1-0

[Event "Challenge"]
[Site "http://www.queenalice.com/game.php?id=1259564"]
[Date "2014.2.24"]
[Round "-"]
[White "schrotti2"]
[Black "lincolnalberto"]
[Result "0-1"]
[WhiteElo "1599"]
[BlackElo "1551"]

1. c4 d5 2. b3 dxc4 3. bxc4 Qd4 4. Nc3 Qxc4 5. e3 Qb4 6. a3 Qd6 7. Nf3 a6 8. Be2
b5 9. d4 c5 10. dxc5 Qxc5 11. Bb2 b4 12. axb4 Qxb4 13. Qa4+ Qxa4 14. Rxa4 Bd7
15. Ra3 e6 16. O-O Bxa3 17. Bxa3 Bb5 18. Nxb5 axb5 19. Bxb5+ Nd7 20. Bb2 Nf6 21.
Ne5 Rb8 22. Bxd7+ Nxd7 23. Bd4 f6 24. Nxd7 Kxd7 25. Rd1 Rb5 26. Bxf6+ Kc6 27.
Bxg7 Rg8 28. Bd4 Rd8 29. Rc1+ Kd5 30. Rd1 Kc4 31. h3 Rg8 32. Rc1+ Kd3 33. Rc3+
Kd2 34. Rc6 Rb1+ 35. Kh2 Rg6 36. g4 Ke2 37. Kg2 h5 38. Rc2+ Kd1 39. Rb2 Rc1 40.
Kg3 Ke1 41. f3 Kf1 42. Rf2+ Ke1 43. e4 Rc4 44. Be3 Kd1 45. Rf1+ Ke2 46. Rf2+
Kxe3 47. Rb2 Rc3 48. Rb5 hxg4 49. hxg4 Rf6 50. g5 Rxf3+ 51. Kh4 Rf4+ 52. Kh5
Rxe4 53. g6 Rc8 54. g7 Rg8 55. Rb7 e5 56. Rf7 Rf4 57. Re7 e4 58. Kg6 Kf3 59. Kh7
Ra8 60. g8=Q Rh4+ 0-1

[Event "AUTO-INT-2799"]
[Site "http://www.queenalice.com/game.php?id=1268084"]
[Date "2014.3.25"]
[Round "2"]
[White "renet54"]
[Black "lincolnalberto"]
[Result "0-1"]
[WhiteElo "1650"]
[BlackElo "1616"]

1. e4 d5 2. exd5 Qxd5 3. Nc3 Qe6+ 4. Be2 Qc6 5. Bb5 Bd7 6. Bxc6 Bxc6 7. Nf3 a5
8. O-O Na6 9. d4 b5 10. Bf4 b4 11. Qd3 bxc3 12. Qxc3 Nb4 13. Rfe1 Ra6 14. Rad1
Nxa2 15. Qb3 Nb4 16. Ng5 Bd5 17. Qc3 c6 18. Bd6 f6 19. Bxe7 Nxe7 20. Qg3 Ra8 21.
c3 Na6 22. Ne6 Rb8 23. Nc7+ Nxc7 24. Qxc7 Rc8 25. Qxa5 h5 26. c4 Bxc4 27. Qb4
Bd5 28. f3 g5 29. Rd3 h4 30. Rde3 Rh7 31. Qb7 Rd8 32. h3 f5 33. Re5 Rf7 34. b4
g4 35. fxg4 fxg4 36. Rxd5 cxd5 37. Qc6+ Rd7 38. b5 Kd8 39. Qa8+ Nc8 40. b6 gxh3
41. Rc1 hxg2 42. Qxc8+ Ke7 43. Re1+ Kf6 44. Qc6+ Rd6 45. Qc2 h3 46. Rf1+ gxf1=Q+
47. Kxf1 Kg7+ 48. Kg1 Rg6+ 49. Kh1 Rf1+ 50. Kh2 Bd6+ 51. Kxh3 Rh1+ 52. Qh2 Rxh2#
0-1

[Event "AUTO-INT-2799"]
[Site "http://www.queenalice.com/game.php?id=1268085"]
[Date "2014.3.25"]
[Round "2"]
[White "lincolnalberto"]
[Black "renet54"]
[Result "1-0"]
[WhiteElo "1597"]
[BlackElo "1669"]

1. d4 d5 2. Nc3 Nf6 3. Nf3 e6 4. Ne5 Qe7 5. f4 Nc6 6. e3 Bd7 7. Nb5 Qb4+ 8. Nc3
O-O-O 9. Nxf7 Ne4 10. Nxh8 Be7 11. Nf7 Rf8 12. a3 Qb6 13. Qh5 h6 14. Nxe4 dxe4
15. Ne5 Rf5 16. Qg4 Nxe5 17. dxe5 Bb5 18. Qxg7 Bc5 19. Bxb5 Qxb5 20. b3 Qb6 21.
b4 Bxe3 22. Qg6 Rxf4 23. Qe8# 1-0

[Event "AUTO-INT-2799"]
[Site "http://www.queenalice.com/game.php?id=1268088"]
[Date "2014.3.25"]
[Round "2"]
[White "biskydad"]
[Black "lincolnalberto"]
[Result "0-1"]
[WhiteElo "1755"]
[BlackElo "1633"]

1. e4 d5 2. f3 d4 3. b3 e5 4. Bb2 c5 5. Bc4 Nh6 6. c3 Nc6 7. Ne2 Qh4+ 8. Ng3 f5
9. O-O fxe4 10. fxe4 Bg4 11. Be2 Bxe2 12. Qxe2 Ng4 13. Rxf8+ Rxf8 14. Nf5 Qxh2+
0-1

[Event "AUTO-INT-2799"]
[Site "http://www.queenalice.com/game.php?id=1268089"]
[Date "2014.3.25"]
[Round "2"]
[White "lincolnalberto"]
[Black "biskydad"]
[Result "0-1"]
[WhiteElo "1669"]
[BlackElo "1763"]

1. d4 Nf6 2. Nc3 d5 3. Nf3 c5 4. dxc5 e6 5. Qd4 Nc6 6. Qa4 Bxc5 7. Ne5 O-O 8.
Nxc6 bxc6 9. Qxc6 Qb6 10. Qxa8 Bb7 11. Qxf8+ Kxf8 12. Nd1 Ne4 13. e3 d4 14. Bd3
Nf6 15. O-O Ng4 16. exd4 Bxd4 17. Bxh7 g6 18. h3 Nf6 19. c3 Be5 20. Be3 Qc6 21.
f3 Nxh7 22. Bxa7 Bg3 23. Ne3 Qc7 24. c4 Ba6 25. Bd4 Bh2+ 26. Kh1 Bf4 27. b3 e5
28. Nd5 Qd6 29. Bg1 Nf6 30. Nxf6 Qxf6 31. a4 Bd2 32. Rad1 Bb4 33. Bh2 Bb7 34.
Rd7 Bc6 35. Rdd1 e4 36. fxe4 Qc3 37. Bd6+ Bxd6 38. Rxd6 Bxe4 39. Rdf6 Bf5 40.
Rb6 Qd3 41. Rg1 Qe4 42. a5 Bxh3 43. c5 Bc8 44. b4 Qh4# 0-1

[Event "AUTO-OPEN-3175"]
[Site "http://www.queenalice.com/game.php?id=1273153"]
[Date "2014.4.14"]
[Round "2"]
[White "lincolnalberto"]
[Black "schwam"]
[Result "0-1"]
[WhiteElo "1649"]
[BlackElo "2121"]

1. d4 Nf6 2. d5 d6 3. c4 e6 4. Nc3 exd5 5. cxd5 Bf5 6. Nb5 a6 7. Nd4 Bg6 8. Qa4+
b5 9. Nxb5 Nbd7 10. Nd4 Nxd5 11. e4 Bxe4 12. Nc6 Nc5 13. Qd4 Qd7 14. Nb4 Nxb4
15. Qxb4 Bxg2 16. Bxg2 Nd3+ 17. Kf1 Nxb4 0-1

[Event "AUTO-OPEN-3175"]
[Site "http://www.queenalice.com/game.php?id=1273155"]
[Date "2014.4.14"]
[Round "2"]
[White "lincolnalberto"]
[Black "jupar"]
[Result "0-1"]
[WhiteElo "1657"]
[BlackElo "1982"]

1. d4 d5 2. Nc3 Nf6 3. Nf3 c6 4. Ne5 Nbd7 5. f4 e6 6. Nxd7 Bxd7 7. e3 Bb4 8. a3
Bxc3+ 9. bxc3 O-O 10. c4 Ne4 11. Qh5 Qa5+ 12. Ke2 Qc3 13. Ra2 Qxc4+ 14. Ke1 Qxa2
15. Qd1 c5 16. g4 Ba4 17. Bd3 c4 18. Bxe4 dxe4 19. f5 exf5 20. gxf5 Bxc2 21. Qd2
Bb3 22. Qc3 a5 23. h4 b5 24. Qb2 b4 25. Qxa2 Bxa2 26. h5 c3 27. Rh2 Bc4 28. a4
b3 29. Ba3 Rfe8 30. Kd1 Bd3 31. Rg2 Rab8 0-1

[Event "AUTO-OPEN-3175"]
[Site "http://www.queenalice.com/game.php?id=1273156"]
[Date "2014.4.14"]
[Round "2"]
[White "jupar"]
[Black "lincolnalberto"]
[Result "1-0"]
[WhiteElo "1985"]
[BlackElo "1654"]

1. d4 Nc6 2. Nf3 d5 3. c4 dxc4 4. e4 b5 5. Nc3 b4 6. Nd5 a5 7. Bxc4 Nf6 8. Qa4
Bd7 9. Nxf6+ exf6 10. Bb5 Nb8 11. d5 Bc5 12. Bf4 g5 13. Bg3 h5 14. h3 h4 15. Bh2
O-O 16. O-O c6 17. dxc6 Be6 18. Rfd1 Qb6 19. c7 Na6 20. Bxa6 Qxa6 21. Rac1 Qb6
22. Qc2 Be7 23. Nd4 Bxa2 24. b3 Bd6 25. Bxd6 Qxd6 26. Nf5 Qe6 27. Qxa2 Qxe4 28.
Qc2 Qe8 29. c8=Q Rxc8 30. Qxc8 Qxc8 31. Ne7+ 1-0

[Event "Challenge"]
[Site "http://www.queenalice.com/game.php?id=1274207"]
[Date "2014.4.19"]
[Round "-"]
[White "renet54"]
[Black "lincolnalberto"]
[Result "1-0"]
[WhiteElo "1724"]
[BlackElo "1683"]

1. e4 d5 2. exd5 Qxd5 3. Nc3 Qe5+ 4. Nge2 b5 5. d4 Qh5 6. g3 b4 7. Qd3 Bh3 8.
Qc4 bxc3 9. Qxc7 Qf3 10. Bxh3 Qxh1+ 11. Bf1 Qxh2 12. Qc8# 1-0